[Event "RUS-chT 06th"]
[Site "St Petersburg"]
[Date "1999.05.18"]
[Round "3"]
[White "Khalifman, Alexander"]
[Black "Burmakin, Vladimir"]
[Result "1-0"]
[WhiteElo "2616"]
[BlackElo "2534"]
[Annotator "Lukacs,P"]
[PlyCount "57"]
[EventDate "1999.05.16"]
[EventType "team-tourn"]
[EventRounds "9"]
[EventCountry "RUS"]
[SourceTitle "EXT 2020"]
[Source "ChessBase"]
[SourceDate "2019.10.17"]
[SourceVersion "1"]
[SourceVersionDate "2019.10.17"]
[SourceQuality "1"]
[WhiteTeam "Sankt Petersburg Lentransgaz"]
[BlackTeam "Murmansk OShK"]
[WhiteTeamCountry "RUS"]
[BlackTeamCountry "RUS"]

1. e4 c6 2. d4 d5 3. e5 Bf5 4. Nf3 e6 5. a3 $5 {White is preparing for c4 and
wants to avoid the check on b4. On the other hand in case of c6-c5 he can take
the P and play b2-b4.} Bg4 $6 {Making another move with the only developed
piece is usually against the rules.} (5... c5 6. c4 {White is ready to open up
the position, because of the possibility of seizing the activity.} Nc6 (6...
Bxb1 {against Nc3, after which the B on f5 is a bit out of play.} 7. Rxb1 Nc6
8. Qb3 Qb6 9. Qxb6 axb6 10. cxd5 exd5 11. Bb5 Nge7 12. O-O Nf5 13. Rd1 $16 {
Short-Leko, EU-ch Rapid 30' 1996}) (6... dxc4 {Giving up the [+] helps only
for the opponent's development.} 7. Bxc4 Nc6 8. Be3 cxd4 9. Nxd4 Nxd4 10. Bxd4
a6 11. Nc3 Ne7 {/\ Nc6} 12. Be3 Qxd1+ 13. Rxd1 Nc6 14. f4 Rc8 15. Be2 Na5 16.
Bb6 Nb3 17. Nb5 $1 Bc2 18. Nd6+ Bxd6 19. Rxd6 $14 {^^ A.Ivanov-Rowley, World
op Philadelphia 1998}) 7. cxd5 (7. Nc3) 7... exd5 (7... Qxd5 $2 {loses
important tempi} 8. Nc3 Qd8 9. Be3 cxd4 10. Nxd4 Nge7 11. Ncb5 Nxe5 12. Nxe6 $1
Nd3+ (12... fxe6 13. Nd6+) 13. Bxd3 Bxe6 14. Bf4 Nd5 15. Qa4 Nxf4 16. Nc7+ Ke7
17. Qxf4 $18 {Videki-Shan, Hamstead 1998}) 8. Nc3 $14) (5... Ne7 {It is better
for Black to keep the position closed for a while.} 6. Nbd2 h6 (6... c5 7. dxc5
Nec6 8. b4 $16 {shows the merit of 5.a3}) (6... Nd7 7. Nh4 c5 8. c3 {
Short-Karpov, Dos Hermanos 1997 CBM 59}) 7. Be2 Nd7 8. O-O (8. Nf1 $5 Bg6 9. c3
c5 10. Ng3 Nc6 11. O-O Be7 12. Be3 O-O 13. Bd3 cxd4 14. cxd4 Nb6 $13 {
Short-Adams, FIDE-Wch K.O. 1997}) 8... Qc7 9. c4 dxc4 10. Nxc4 Nd5 11. Ne3 {
White has to fight against the ideally posted N on d5.} Nxe3 12. fxe3 {
Changing the P structure is the main idea here.} Be7 13. Bd3 Bxd3 14. Qxd3 Rd8
15. Qe4 O-O 16. Bd2 c5 $11 {and White's activity is compensated by his bad B
and worse P structure, Wells-D.Roos, BL 1997.}) (5... Nd7 6. Be2 (6. Nbd2 Ne7 {
- 5...Ne7}) 6... Ne7 7. O-O c5 8. dxc5 Nc6 (8... Nxc5 9. b4 Nd7 10. Bb2 {
Short-Adianto, Jakarta m 1996 CBM 51}) 9. b4 Ndxe5 (9... a5 $2 {only worsenes
things on the <<.} 10. b5 Ncxe5 11. Nd4 Bg6 12. c6 bxc6 13. bxc6 Nb8 14. Bb5
Qc8 15. f4 Nc4 16. f5 exf5 17. c7+ Nd7 18. Re1+ $18 {Gutman-Schuster, Kassel
op 1994}) 10. Nxe5 Nxe5 11. Bb2 $14 {Blatny}) 6. Nbd2 (6. Be2 c5 (6... Nd7) 7.
dxc5 Bxc5 8. b4 {This is one of the points of White's 5.a3} Bb6 9. Nbd2 Nc6 10.
Bb2 Nge7 11. c4 {The is the ideal setup for White here.} a6 12. O-O O-O 13. c5
Bc7 14. Nd4 Bxe2 15. Qxe2 Nxe5 16. Nxe6 fxe6 17. Bxe5 $16 {and White's << P
majority and the weak e6 P secure him the edge, Polzhin-Speelman, BL 1998.})
6... Nd7 (6... c5 $5 7. Bb5+ Nc6) 7. Be2 Ne7 8. O-O {As usual, Black has
problems with the development of his >>.} Nc8 $6 {The N is rather passive here.
} (8... c5 $6 {is again met strongly by} 9. c4 $1 {when the opening of the
position helps for the better developed party.} dxc4 10. Nxc4 Nd5 11. Ng5 Bxe2
12. Qxe2 Be7 (12... cxd4 $2 13. Qf3 $1 $18) (12... h6 $2 13. Nxe6 fxe6 14. Qh5+
Ke7 15. Nd6 $18) 13. Qg4 $16) ({More active seems to be} 8... Nf5 {although
after} 9. h3 Bxf3 10. Nxf3 Be7 11. c4 $14 {White has got a remarkable space
advantage.}) 9. h3 Bh5 10. b3 {preparing for c2-c4} ({Immediately} 10. c4 {
is not so dangerous because of} dxc4 11. Nxc4 Be7 {and Black will put a N on
d5.}) 10... c5 $6 {As it was mentioned several times Black has to be very
careful when opening up the position, because it usually favours White.} (10...
Be7 11. c4 $14) 11. c4 $1 {This is the typical answer here.} dxc4 $2 (11...
Ncb6) 12. Nxc4 cxd4 13. Nxd4 Bxe2 14. Qxe2 Ncb6 15. Rd1 $1 $16 (15. Nd6+ $6
Bxd6 16. exd6 O-O $13 {solves only Black's problem of development.}) 15... Nxc4
(15... Be7 16. Nxb6 (16. Nf3 Nd5) 16... Qxb6 17. Be3 $16 (17. Qg4 g6)) 16. Qxc4
a6 (16... Nxe5 $2 {loses to} 17. Qb5+ Nd7 (17... Nc6 18. Qxb7 Nxd4 19. Rxd4 $18
) 18. Qxb7 $18) (16... Bc5 17. Nf3 Qb6 18. Qh4 $16) (16... Be7 17. Nf3 a6 (
17... O-O $4 18. Qb5) 18. Qg4 $16) 17. Nf3 Qc8 $2 {The early play with the Q
will cause additional problems for Black.} ({More to the point was} 17... Rc8
18. Qg4 (18. Qe4 Rc7 19. Be3 Qc8) 18... g6 19. Bg5 Be7 20. Bh6 Bf8 21. Qf4 $16)
18. Qd4 {In an attacking position with K in the middle White has to avoid the
exchange of queens.} Qc6 (18... Bc5 19. Qg4 g6 20. Bh6 $40) 19. Be3 Nc5 (19...
Bc5 $2 {founders on} 20. Qxd7+ $1 Qxd7 21. Rxd7 $18) 20. Bg5 $1 Qd7 (20... h6
$4 21. Qd8+ Rxd8 22. Rxd8#) 21. Qe3 Qb5 22. b4 $18 {Black has only developed
his Q and N, his K is in the middle, the situation is hopeless.} h6 (22... Nd7
23. Rac1 Nb6 24. Nd4 Qd7 25. Nxe6 $1 Qxe6 26. Qd4 Nd7 27. Qa7 $1 $18 {is nice,
based on back rank motifs.}) (22... Na4 23. Qd4 Be7 24. Bxe7 Kxe7 25. Qd6+ Ke8
26. Ng5 $18) 23. bxc5 hxg5 24. Nxg5 Bxc5 25. Qf3 Rf8 26. Ne4 Be7 27. Rab1 Qc6 {
[#]} (27... Qxe5 28. Nf6+ $1 $18) 28. Rxb7 $1 {The finish is elegant.} Rd8 (
28... Qxb7 29. Nf6+) 29. Nf6+ 1-0

[Event "RUS-chT 06th"]
[Site "St Petersburg"]
[Date "1999.05.19"]
[Round "4"]
[White "Dreev, Alexey"]
[Black "Khalifman, Alexander"]
[Result "1-0"]
[WhiteElo "2639"]
[BlackElo "2616"]
[Annotator "Ftacnik,L"]
[PlyCount "79"]
[EventDate "1999.05.16"]
[EventType "team-tourn"]
[EventRounds "9"]
[EventCountry "RUS"]
[SourceTitle "EXT 2020"]
[Source "ChessBase"]
[SourceDate "2019.10.17"]
[SourceVersion "1"]
[SourceVersionDate "2019.10.17"]
[SourceQuality "1"]
[WhiteTeam "Belorechensk Khimik"]
[BlackTeam "Sankt Petersburg Lentransgaz"]
[WhiteTeamCountry "RUS"]
[BlackTeamCountry "RUS"]

1. d4 Nf6 2. c4 g6 3. Nc3 d5 4. Nf3 Bg7 5. Bf4 O-O 6. Rc1 dxc4 7. e3 Be6 8. Ng5
Bd5 9. e4 h6 10. exd5 hxg5 11. Bxg5 Nxd5 12. Bxc4 Nb6 13. Bb3 Nc6 14. Ne2 $5
Qd6 {This new move is too modest, black can probably take the d4 pawn without
any fear.} (14... Qd7 15. O-O (15. h4 Qg4 16. Qd3 Rad8 17. f3 Ne5 18. Qe3 Qxg2
19. Rf1 Nc6 20. Rg1 Qh2 21. Rxc6 bxc6 22. Bxe7 Nd5 23. Bxd5 Rxd5 24. Bxf8 Qxh4+
25. Kf1 Kxf8 {1/2-1/2 Brinck Claussen,B-Moe,M/Vejle/1974/ (66)}) 15... Na5 (
15... Nd5 16. Bc2 Rad8 17. h4 Nb6 18. Be4 Qe6 19. Bxc6 bxc6 20. Re1 Rd7 21. b3
Qg4 22. Rxc6 e5 23. f3 Qh5 24. Ng3 Qh7 25. Ne4 Rxd4 26. Qe2 Nd5 27. Rd1 {
1-0 Farago,I-Stein,L/Vrnjacka Banja/1971/ (58)}) 16. Bc2 Nac4 17. Be4 c6 18. h4
Rfe8 19. Qb3 Nd6 20. Bxg6 Nd5 21. Bb1 Qg4 22. Qd3 Kf8 23. g3 Rad8 24. a4 Rd7
25. Nf4 {1-0 Portisch,L-Benko,P/Amsterdam/1964/ (31)}) (14... Na5 15. Bc2 (15.
h4 Nxb3 16. Qxb3 c6 17. h5 Qd5 18. Qg3 Nc4 19. Qh4 Nd6 20. Nf4 Qa5+ 21. Kf1 Ne4
22. Nh3 Nxg5 23. Nxg5 Qd2 24. Re1 Qxd4 25. Qh3 {1/2-1/2 Footner,J-Casabona,C/
olm10 corr8291 1982/ (31)}) 15... Qd5 16. h4 (16. Bd2 Nc6 17. O-O Nxd4 18. Bc3
Nxe2+ 19. Qxe2 Bxc3 20. bxc3 Qg5 21. f4 Qc5+ 22. Kh1 e6 23. Qg4 Kg7 24. f5 exf5
25. Rxf5 Qxc3 26. Rff1 Qe5 {0-1 Drescher,W-Berner,M/DDR-Cup6 sf11 corr/1979/ 
(57)}) 16... e5 (16... Qxg2 17. Rg1 Qf3 18. Qd3 Qxd3 19. Bxd3 Nc6 20. h5 Rfd8
21. Be4 Nxd4 22. Nxd4 Rxd4 23. Bxb7 Rb8 24. Bf3 {1/2-1/2 Andersson,U-Sax,G/
Biel/1985/ (38)}) 17. Nc3 Qxd4 18. Qe2 (18. Qf3 $5 Rae8 19. h5 e4 20. Qh3 e3 $1
21. fxe3 Nac4 22. Rd1 (22. hxg6 $2 Qd2+ 23. Kf1 fxg6+) 22... Rxe3+ $1 23. Bxe3
Qxe3+ 24. Qxe3 Nxe3 25. Rd2 Nbc4 26. Re2 Nxc2+ 27. Rxc2 Nxb2 28. O-O $1 {
1/2-1/2 Kakageldyev,A-Tukmakov,V/Ashkhabad/ 1978/ (41)}) 18... e4 19. h5 Nbc4
20. Rd1 Qe5 21. Nxe4 f6 22. h6 Bh8 23. h7+ Kf7 24. Rd7+ Ke8 25. Rd5 {1-0
Terentiev,V-Gufeld,E/Krasnodar/1966/ (28)}) (14... a5 15. a4 (15. O-O a4 16.
Bc4 Nxc4 17. Rxc4 Qd5 18. Qc1 e5 19. dxe5 Qxe5 20. Nc3 a3 21. b3 Na5 22. Bf4
Qf5 23. Rxc7 Nc6 24. Bg3 Qd3 {0-1 Hartoch,R-Timman,J/Leeuwarden/1971/ (45)}) (
15. a3 a4 16. Ba2 Ra5 17. Qd2 Rb5 18. Rc3 Qd6 19. h4 $2 Nxd4 $1 20. Rd3 Rd8 {
0-1 Huuskonen,V-Klovans,J/FIN jub10 corr7174 1971/ (38)}) 15... Rc8 16. O-O
Nxd4 17. Nxd4 Qxd4 18. Qf3 e6 19. Rc2 Nd5 20. Rd1 Qb4 21. Bd2 Qb6 22. Bxd5 exd5
23. Qxd5 Rcd8 {0-1 Kerssemakers,H-Lont,A/NLD-ch M corr/ 1990/ (38)}) (14... Rc8
15. O-O Nxd4 16. Nxd4 Qxd4 17. Qf3 e6 18. Qxb7 c5 19. Qxa7 Qb4 20. Rfd1 Be5 21.
Bd2 Qb5 22. Qa5 Qxa5 23. Bxa5 c4 24. Bxb6 cxb3 25. axb3 {1-0 Doroshkievich,
V-Averkin,O/USSR/1970/ (37)}) (14... Nxd4 $5 15. Nxd4 Bxd4 16. O-O c6 17. Re1 (
17. Bxe7 Bxf2+ 18. Rxf2 Qxe7 19. Qd3 Qg5 20. Rc5 Qxc5 {1/2-1/2 De Lange,P-Van
Son,J/NLD-ch H corr 1995/ (20)}) 17... Bf6 18. Bxf6 exf6 19. Qf3 Kg7 20. Rcd1
Qc7 21. Re4 Rh8 22. h3 Rh5 23. g4 Re5 {1/2-1/2 Trebing,R-Hund,J/FRG-ch21
corr8790/ 1987/ (28)}) 15. O-O e6 16. h4 Nxd4 17. Nxd4 Qxd4 (17... Bxd4 18. Qf3
$5 (18. Rxc7 Bxf2+ 19. Rxf2 Qxc7 20. Qg4 Nd5 21. h5 f5 $17) 18... c5 19. h5 (
19. Rcd1 Qc6 $15) 19... c4 20. Bxc4 Qc5 21. hxg6 Qxg5 22. gxf7+ Kg7 23. Bxe6
$13) 18. Rxc7 Qxd1 (18... Qxb2 19. Qf3 $14) 19. Rxd1 Rab8 20. Bf4 {The
position is pleasant for white. Active rooks, bishop's pair and potential of
opening the kingside make life for black somewhat difficult.} Bf6 (20... Rfc8
21. Re7 Bf8 22. Bxb8 Bxe7 23. Bxa7 $16) 21. Rd3 Rfc8 (21... Bxh4 $2 22. Be5 $1
Nd5 23. Bxd5 exd5 24. Rh3 Rfe8 25. Bc3 g5 26. g3 $18) 22. h5 $1 Rxc7 (22...
gxh5 23. Rg3+ Bg7 (23... Kf8 24. Bd6+ $18) (23... Kh8 24. Rxf7 $18) 24. Be5
Rxc7 25. Rxg7+ Kf8 26. Bxc7 Rc8 27. Be5 $18) (22... g5 23. Rxc8+ Rxc8 24. Bxg5
$1 Bxg5 25. Rg3 Rc5 26. f4 $16) 23. Bxc7 Rc8 24. Bxb6 $1 axb6 25. hxg6 Rc1+ 26.
Kh2 Bxb2 (26... fxg6 27. Bxe6+ Kf8 28. b4 $16) 27. Rd7 {Khalifman managed to
steer the flow into the line with opposite colour bishops, but his adversary
has excellent pieces.} fxg6 (27... Rc7 28. gxf7+ Kf8 29. Rxc7 Be5+ 30. Kh3 Bxc7
31. Bxe6 $18) 28. Bxe6+ Kh8 (28... Kf8 29. Rxb7 Be5+ 30. g3 Bc7 31. Bd5 Ke7 32.
Kh3 $16) 29. Kh3 Rc6 30. Bd5 Rf6 31. f3 Bc1 32. g3 g5 (32... Be3 33. Kg4 g5 (
33... Bc5 $6 34. f4 $1)) 33. Kg4 Be3 34. Rxb7 Rd6 35. Re7 Bd4 (35... Rxd5 36.
Rxe3 Kg7 (36... Ra5 37. Rb3 $18) 37. a4 $18) 36. Bb3 Bf6 37. Rf7 Be5 (37... Bd8
38. Kf5 Rd3 39. Ke5 $18) 38. Rb7 Rd4+ (38... Bf6 39. Kf5 Bd8 40. Be6 $18) 39.
Kxg5 Bxg3 40. Rxb6 1-0

[Event "RUS-chT 06th"]
[Site "St Petersburg"]
[Date "1999.05.21"]
[Round "6"]
[White "Khalifman, Alexander"]
[Black "Ivanov, Alexey2"]
[Result "1-0"]
[WhiteElo "2616"]
[BlackElo "2446"]
[Annotator "Ribli,Z"]
[PlyCount "83"]
[EventDate "1999.05.16"]
[EventType "team-tourn"]
[EventRounds "9"]
[EventCountry "RUS"]
[SourceTitle "EXT 2020"]
[Source "ChessBase"]
[SourceDate "2019.10.17"]
[SourceVersion "1"]
[SourceVersionDate "2019.10.17"]
[SourceQuality "1"]
[WhiteTeam "Sankt Petersburg Lentransgaz"]
[BlackTeam "Vladivostok DVGU"]
[WhiteTeamCountry "RUS"]
[BlackTeamCountry "RUS"]

{[%mdl 8224]} 1. Nf3 c5 2. c4 g6 3. e4 Bg7 4. d4 d6 (4... Nc6 5. d5 (5. dxc5 $5
Qa5+ 6. Nfd2 Qxc5 7. Nb3 Qb6 8. Be2 $14) 5... Nd4 6. Nxd4 Bxd4 7. Nc3 d6 8. Bd3
{Mit Zugumstellung ist die Partiefortsetzung erreicht. Ribli.}) 5. Nc3 Nc6 {
Ich denke, es wäre besser, mit 5...cxd4 in die Sizilianische Verteidigung
überzugehen.} (5... cxd4 6. Nxd4 Nc6 7. Be3 Nf6 8. Be2 $14 {Das ist mit
Zugumstellung eine bekannte Stellung der Sizilianischen Verteidigung.(1.e4 c5
2.Nf3 Nc6 3.d4 cxd4 4.Nxd4 g6 5.c4 Bg7 6.Be3 Nf6 7.Nc3 d6 8.Be2).}) 6. d5 Nd4 (
6... Na5 7. Be2 Nf6 8. a3 b6 9. b4 Nb7 10. Bd2 O-O 11. O-O e5 12. dxe6 Bxe6 13.
Rc1 {1-0 Ribli,Z-Quinteros,M/Luzern 1985/MCD (38)}) 7. Nxd4 Bxd4 {Auf ersten
Blick scheint Schwarz mit dem zentralisierten Läufer auf d4 ausgezeichnet zu
stehen. In Wirklichkeit kann dieser aber bald mit z.B. Ne2 vertrieben werden.}
(7... cxd4 8. Nb5 Qb6 9. c5 dxc5 (9... Qxc5 10. Bd2 $16 {[%cal Ra1c1,Rc1c5]})
10. Bf4 $36) 8. Bd3 Bg7 (8... Nf6 $6 9. Ne2 {[%csl Rd4][%cal Re2d4]}) 9. O-O (
9. Be3 Nf6 10. h3 O-O 11. Qd2 a6 12. O-O e5 13. b4 cxb4 14. Na4 b5 15. cxb5
axb5 16. Nb6 Ra3 17. Rfd1 Rc3 18. a3 {1-0 Forintos,G-Barcza,G/Kecskemet 1968/
EXT 99 (27)}) 9... Nf6 10. h3 {Ein guter prophylaktischer Zug, der gegen ...
Ng4 gerichtet ist. Jetzt kann Weiß mit Be3 seine Entwicklung beenden und ist
dank seines Raumvorteils etwas im Vorteil.} (10. f4 O-O 11. Qe2 Qc7 12. Bd2 a6
13. Rae1 Bg4 14. Qf2 Bd7 15. Qh4 b5 16. e5 {1-0 Stefanova,A-Hirzel,R/
Winterthur 1996/CBM 54 ext (23)}) (10. f3 O-O 11. Bg5 Nd7 12. f4 a6 13. a4 Nf6
14. h3 {1-0 Hutschenreiter,J-Allwermann,C/Dresden 1993/TD (60)}) 10... e5 $6 {
Dieser Zug gefaällt mir nicht. Der g7-Läufer wird eingeschlossen.} (10... O-O
11. Be3 e6 $14) 11. Bg5 h6 (11... O-O 12. Qd2 $14) 12. Bh4 O-O (12... g5 $6 13.
Bg3 $14 {[%csl Yf5] Das Feld f5 ist schwach und Schwarz kann ...f5 nicht mit
dem üblichen Gegenspiel durchsetzen, denn exf5 kann er jetzt nicht mehr mit
dem angezeigten ...gxf5 beantworten.}) 13. Rb1 {Weiß bereitet a3 / b4 mit
Raumgewinn am Damenflügel vor.} Bd7 14. a3 $14 Qc7 15. Be2 {Weiß möchte noch
nicht b2-b4 spielen. Er bereitet 16.Qd2 vor. Der Läufer deckt dabei das Feld
h5, damit Schwarz nicht zu ...Nh5 nach ...g6-g5 kommt.} (15. b4 cxb4 16. axb4
$14) (15. Qd2 g5 16. Bg3 Nh5 $11 {[%cal Gh5f4]}) 15... Nh7 16. Qd2 f5 17. exf5
gxf5 (17... Bxf5 $6 18. Bd3 $14 {[%csl Ye4] In solchen Stellung ist die
Kontrolle des Schlüsselfeldes e4 von entscheidender Bedeutung.}) 18. f4 e4 $6 {
Nach diesem Zug verliert die schwarze Bauernmasse ihre Elastizität.} (18...
exf4 19. Rxf4 (19. Qxf4 Rae8 $14) 19... Ng5 $14) 19. Nd1 $1 {Ein guter und
typischer Zug. Weiß bereitet mit folgendem Ne3 und Kh1 den Zug g2-g4 vor und
weist die unsichere Stellung des schwarzen Königs nach.} a6 20. Ne3 b5 {
Das schwarze Gegenspiel am Damenflügel ist ungefährlich.} 21. Kh1 {[%cal Gg2g4]
} bxc4 22. Nxc4 {[%csl Gc4] Der Springer beherrscht das Brett. Der schwarze
Bauer d6 ist schwach und Weiß könnte im folgenden mit b2-b4 aktives Spiel am
Damenflügel bekommen.} a5 $2 {Ein schwerer Fehler. Der Zug richtet sich gegen
b2-b4, übersieht aber eine andere weiße Möglichkeit.} (22... Bb5 23. Rfc1 $14 (
23. Ne3 $14)) 23. Be7 $16 {[%cal Re7d6,Re7f8]} Rf6 24. b4 $5 {Weiß hat keine
Eile. Der schwarze Turm kann nicht flüchten.} (24. Bxf6 $16) 24... axb4 25.
axb4 cxb4 (25... Rg6 26. Bh5 $16) 26. Qxb4 {[%csl Rd6]} Bf8 (26... Rg6 27. Bxd6
$18) 27. Bxf6 Nxf6 {Weiß besitzt eine Mehrqualität. Das schwarze Läuferpaar
bedeutet keine Kompensation.} 28. Nb6 Rb8 29. Qd4 {[%cal Gd4f6] Weiß klärt die
Fesselung der Dame in der b-Linie.} Bg7 30. Nxd7 Nxd7 (30... Rxb1 $2 31. Nxf6+
Bxf6 32. Qxf6 $18) 31. Qc4 Nc5 {[%csl Gc5,Gg7] Schwarz scheint mit der festen
Springerstellung auf c5 und dem aktiven Läufer g7 etwas Kompensation zu
bekommen.} 32. Rxb8+ Qxb8 33. Qb5 $1 Qd8 (33... Qxb5 34. Bxb5 $16 {Das
Endspiel ist für Weiß sehr chancenreich. Später konnte Schwarz in der Partie
den Damentausch auch nicht vermeiden.} Bc3 35. g4) 34. Bh5 $1 {[%cal Rb5e8,
Re8g8,Re8d8,Gh5g6,Gg6e4]} Kh7 35. Qe8 {[%cal Rh5g6,Rg6h7]} Qxe8 (35... Qf6 36.
Bf7 $18 {[%csl Rh7][%cal Re8g8]}) 36. Bxe8 Bc3 {[%cal Ge4e3,Ge3e2,Ge2e1]
Schwarz möchte sich Gegenchancen mit dem e-Bauern verschaffen.} 37. g3 $1 {
[%cal Gg3f4,Gh1g2] Weiß verteidigt den f-Bauern und macht seinem König Platz.}
e3 38. Bh5 {[%cal Gh5e2]} (38. Bb5) 38... Ne4 {[%cal Re4g3,Rg3f1,Rg3h1,Rg3h5]}
39. Kg2 Nf6 40. Bf3 Nxd5 {Ein letzter Trick des Schwarzen in Verluststellung.}
(40... Kg7 41. Rb1 Kf7 42. Kf1 $18 {[%cal Gf1e2,Gg3g4,Gb1b7,Gb7f7]}) 41. Rc1
$18 (41. Bxd5 $2 e2 $11 {[%csl Ge2]}) 41... Bb4 (41... Bb2 42. Rb1 $18 {
[%csl Rb2,Rd5][%cal Rb1b2,Rf3d5]}) 42. Bxd5 {Und Schwarz gab auf.} (42. Bxd5 e2
43. Kf2 e1=Q+ 44. Rxe1 Bxe1+ 45. Kxe1 $18) 1-0

[Event "Beersheba-Peterburg Kings m"]
[Site "St Petersburg"]
[Date "1999.06.08"]
[Round "4"]
[White "Khalifman, Alexander"]
[Black "Greenfeld, Alon"]
[Result "1-0"]
[WhiteElo "2616"]
[BlackElo "2521"]
[Annotator "Krasenkow,M"]
[PlyCount "81"]
[EventDate "1999.06.??"]
[EventType "schev"]
[EventRounds "10"]
[EventCountry "RUS"]
[SourceTitle "CBM 072"]
[Source "ChessBase"]
[SourceDate "1999.10.01"]
[SourceVersion "1"]
[SourceVersionDate "1999.10.01"]
[SourceQuality "1"]

1. d4 Nf6 2. Nf3 g6 3. c4 Bg7 4. Nc3 d5 5. cxd5 Nxd5 6. e4 Nxc3 7. bxc3 c5 8.
Rb1 O-O 9. Be2 Nc6 10. d5 Ne5 11. Nxe5 Bxe5 12. Qd2 e6 13. f4 Bg7 14. c4 b6 15.
Bb2 Bxb2 16. Rxb2 Ba6 17. Rb3 $5 {A very interesting new idea in this popular
line. White leaves his king in the centre and starts pushing his central pawns
with the support of his rooks.} (17. O-O) (17. h4 {- CBM71}) 17... Re8 $6 (
17... exd5 {was probably better:} 18. cxd5 (18. exd5 Re8 19. O-O Qf6) 18...
Bxe2 19. Kxe2 Qh4 $132) 18. Re3 exd5 19. cxd5 Bxe2 20. Rxe2 {This is the
difference from the 17...exd5 line. The white king is now safe and his e2 rook
is perfectly placed.} Qh4+ (20... c4 {[%cal Ya8c8,Yc4c3]} 21. O-O Rc8 22. e5 (
22. Rc1 b5) 22... c3 23. Qd4 $16) 21. g3 Qh3 {Black has prevented White's
castling but it is not easy for him to fight against the white central pawns.}
22. Rf1 b5 (22... Rad8 $5) 23. f5 Qh5 24. Rf4 {[%csl Rh5][%cal Rf4h4]} g5 25.
Rff2 {[%cal Re4e5]} f6 26. e5 $1 {Breaking down the black blockade.} Rxe5 27.
Rxe5 fxe5 28. d6 Rd8 {giving up his material advantage} (28... Rc8 $5 {was
better, to lure the white pawn to d7, where it will be weaker.} 29. Qd5+ (29.
f6 Qg6) 29... Qf7 30. Qe6 Re8 $140 31. d7 Rd8 32. Rd2 $44) 29. Qd5+ Qf7 30.
Qxc5 Qc4 $6 {Passive defence was probably a better option in this situation.} (
30... Qf6 31. Qd5+ Kg7 32. d7 $16) 31. Qxe5 {White has accurately calculated
that Black has no perpetual check. Therefore White is winning due to his
strong passed pawns and Black's own exposed king (ideas Qe6+ etc.). When Black
stops checking, White will consolidate his position with Rf2-d2.} Qc1+ (31...
g4 32. Rd2 $18) 32. Ke2 Qc2+ 33. Kf1 (33. Ke3) 33... Qc1+ 34. Ke2 Qc4+ 35. Ke3
Qc1+ (35... g4 36. Rd2) 36. Kf3 Qc6+ 37. Kg4 Rxd6 (37... Qxd6 38. Qxd6 Rxd6 39.
Kxg5 $18) 38. Kxg5 Rd5 (38... Qd7 39. Re2) 39. Qf6 (39. Rc2 $1 h6+ 40. Kh5 Rxe5
41. Rxc6 Rxf5+ 42. Kxh6 Rf2 43. Kg6 $18) 39... Qxf6+ $6 {This leads to a lost
endgame but Black would not be able to avoid the exchange of queens after all.
Both players were probably under time-pressure.} (39... Rd6 40. Qe5 (40. Qe7
Qc5) 40... Rd5 41. Rc2 $1) 40. Kxf6 b4 $6 41. Rc2 (41. Rc2 Rd8 42. Ke7 $18 {
[%cal Yf5f6,Yf6f7]}) 1-0